000 00981nam a22001577a 4500
003 SGT
020 _a9788125909347
082 _a541.2242, GOP
100 _aGOPALAN R
245 _aCONCISE COORDINATION CHEMISTRY
260 _aNEW DELHI
_bVIKAS
_c2001
300 _a403
650 _aCOORDINATION CHEMISTRY
653 _aIntroduction, Nomenclature of Metal Complexes, Theories of Coordination Compounds I, Theories of Coordination Compounds II, Spectral and Magnetic Characteristics of Metal Complexes, Stability of Coordination Compounds, Chelates, Isomerism of Metal Complexes Reactions of Metal Complexes, Reactions of Metal Complexes I, Reactions of Metal Complexes II, Organometallic Compounds, Metal Carbonyls and Related Compounds, Industrial Applications of Organometallic Compounds, Biological Coordination Compounds, Applications of Coordinatin Compounds, Preparation of Coordination Compounds, Solved Spectral Problems in Coordination Chemistry
942 _2ddc
_cFPS
999 _c9263
_d9263